000
00352nam a2200133Ia 4500
008
151001s9999||||xx |||||||||||||| ||und||
100
_a
वा शि आपटे
245
_a
श्रीमंत कसे व्हावे
250
_a
1
260
_b
सरिता प्रकाशन
260
_c
1974
300
_a
128
365
_b
18
999
_c
959100
_d
959097